Aktuálna príručka účtovníctva organizácií verejného rozpočtu, samosprávy a tretieho sektora príručka pre nepodnikateľskú sféru s praktickými vzormi riešených príkladov a schémami účtovania určenými pre prax
Gespeichert in:
| Format: | Buch |
|---|---|
| Sprache: | Slowakisch |
| Veröffentlicht: |
Bratislava
Verlag Dashöfer, vydavateľstvo, s.r.o.
|
| Schlagworte: | |
| Tags: |
Keine Tags, Fügen Sie das erste Tag hinzu!
|
MARC
| LEADER | 00000nam$a2200000$$$4500 | ||
|---|---|---|---|
| 001 | 0022412 | ||
| 005 | 20230428101229.6 | ||
| 022 | |a 1335-8448 | ||
| 041 | 0 | |a slo | |
| 044 | |a SK | ||
| 245 | 1 | 0 | |a Aktuálna príručka účtovníctva organizácií verejného rozpočtu, samosprávy a tretieho sektora |b príručka pre nepodnikateľskú sféru s praktickými vzormi riešených príkladov a schémami účtovania určenými pre prax |
| 264 | 1 | |a Bratislava |b Verlag Dashöfer, vydavateľstvo, s.r.o. | |
| 500 | |a Titul je pravidelne aktualizovaný. | ||
| 610 | 2 | 0 | |a účtovníctvo |
| 610 | 2 | 0 | |a organizácie rozpočtové |
| 610 | 2 | 0 | |a samospráva |
| 610 | 2 | 0 | |a sektor terciárny |